书目信息 |
| 题名: |
电报通信概要
|
|
| 作者: | 蔡效军 , 朱志涛 编著 | |
| 分册: | ||
| 出版信息: | 北京 人民邮电出版社 1985 |
|
| 页数: | 324页 | |
| 开本: | 19cm | |
| 丛书名: | ||
| 单 册: | ||
| 中图分类: | TN917.1 , TN917 | |
| 科图分类: | ||
| 主题词: | 电报通信系统--职工教育--教材 , 传真通信 | |
| 电子资源: | ||
| ISBN: | ||
| 000 | 00770nam0 2200289 45 | |
| 001 | 0185020288 | |
| 005 | 20040514110108.1 | |
| 010 | @dCNY1.25 | |
| 091 | @b15045 | |
| 100 | @a19900921d1985 em y0chiy0121 ea | |
| 101 | 0 | @achi |
| 102 | @aCN@b110000 | |
| 105 | @ay z 000yy | |
| 106 | @ar | |
| 200 | 10 | @a电报通信概要@Adian bao tong xin gai yao@f蔡效军, 朱志涛编著 |
| 210 | @a北京@c人民邮电出版社@d1985 | |
| 215 | @a324页@d19cm | |
| 300 | @a邮电职工教育用书 | |
| 606 | @a电报通信系统@x职工教育@x教材 | |
| 606 | 0 | @a传真通信 |
| 690 | @aTN917.1@v3 | |
| 690 | @aTN917 | |
| 701 | 0 | @a蔡效军@Acai xiao jun@4编著 |
| 701 | 0 | @a朱志涛@Azhu zhi tao@4编著 |
| 801 | 0 | @aCN@b深圳图书馆@c20040514 |
| 801 | 2 | @aCN@bNLC@c20040514 |
| 905 | @f1@b136237@dTN917@e11 | |
| 电报通信概要/蔡效军, 朱志涛编著.-北京:人民邮电出版社,1985 |
| 324页;19cm |
| 邮电职工教育用书 |
| ISBN :CNY1.25 |
| ● |
| 相关链接 |
|
|
|
|
正题名:电报通信概要
索取号:TN917/11
 
预约/预借
| 序号 | 登录号 | 条形码 | 馆藏地/架位号 | 状态 | 备注 |
| 1 | 0136237 | 001324329 | 第三借阅区/ [索取号:TN917/11] | 在馆 | |
| 2 | 0136238 | 202103142 | 第二样本阅览室/ [索取号:TN917/11] | 在馆 |